000 00611nam a2200241 a 4500
999 _c1874
_d1874
001 1874
003 BD-JhCC
005 20220606134024.0
008 171025s2005 ii a|||| |||| 00| 0 eng d
020 _a8170906274
020 _a9788174906274
035 _a(BD-JhCC)1874
040 _aBD-JhCC
_dBD-JhCC
041 _aeng
082 _222
_a823.92
_bTWA 2005
100 _aTwain, Mark
245 _aThe prince and the pauper /
_cMark Twain
260 _aDelhi
_bDhingra publishing House
_c2005
300 _a224 p. :
_bill. ;
_c22cm.
650 _aPrinces fiction
942 _2ddc
_cBK
_02